Countries with the Tallest Sand Dunes - Statistics

General Stats
  • This quiz has been taken 66 times
  • The average score is 9 of 11
Answer Stats
Height Name of Dune Answer % Correct
500 Badain Jaran Dunes China
93%
? Ming-Sha Dunes China
93%
430 Isaouane-n-Tifernine Sand Sea Algeria
91%
230 Star Dune USA
89%
550 Medanoso Dune Chile
87%
1230 Duna Federico Kirbus Argentina
84%
280 Mount Tempest Australia
80%
470 Rig-e Yalan Dune Iran
76%
1176 Cerro Blanco Peru
76%
383 Big Daddy Namibia
67%
105 Dune of Pyla France
38%
No matching quizzes found
Score Distribution
Percent of People with Each Score
Percentile by Number Answered
Your Score History
You have not taken this quiz